Top 19 Quarterbacks - Statistics

General Stats
  • This quiz has been taken 31 times
  • The average score is 13 of 19
Answer Stats
Team Rank Player % Correct
49ers 1 Joe Montana
96%
Patriots 4 Tom Brady
93%
Packers 7 Brett Favre
85%
Broncos 5 John Elway
85%
Colts 2 Peyton Manning
85%
Packers 14 Aaron Rodgers
81%
Dolphins 6 Dan Marino
81%
Saints 11 Drew Brees
81%
49ers 10 Steve Young
81%
Steelers 13 Terry Bradshaw
78%
Colts 3 Johnny Unitas
70%
Packers 12 Bart Starr
67%
Cowboys 9 Roger Staubach
67%
Vikings 17 Fran Tarkenton
56%
Eagles 19 Randall Cunningham
56%
Chiefs 16 Len Dawson
52%
Browns 8 Otto Graham
48%
Redskins 15 Sammy Baugh
33%
Eagles 18 Norm Van Brocklin
26%
No matching quizzes found
Score Distribution
Percent of People with Each Score
Percentile by Number Answered
Your Score History
You have not taken this quiz